1913 1688 1607 1717 1555 1989 1323 1914 1811 1432 1224 1254 1270 1180 1107 1061 1859 1031 1785 1612 1919 1292 1138 1193 1835 1621 1136 1941 1357 1839 1715 1485 1649 1038 1265 1774 1250 1426 1272 1339 1244 1165 1836 1788 1226 1658 1528 1514 1659 1611 1202 1108 1451 1843 1152 1829 1141 1778 1099 1170 1192 1266 1971 1897 1332 1554 1893 1987 1197 1065 1010 1747 1889 1129 1089 1313 1128 1002 1360 1730 1406 1225 1947 1642 1041 1494 1603 1203 1765 1479 1633 1136 1373 1862 1036 1424 1875 1742 1863 BCNSPRNW ULIB Ver.6.0+V

เปลี่ยนเป็นภาษาไทย

Change to English
 แสดงรายละเอียดบรรณานุกรม
  กลับหน้าหลัก

Brief Record : Get Marc (ISO 2709) : E-mail record : QR code < ปิดหน้าต่าง
LEADER : 00000nam 2200000uu 4500
001    13399128466
003     ULIB
008    020711s2023 th a 000 0 eng d
020    ^a9780323812719
060    ^aWY100.4^bM337A
100    ^aMarina Reyna Martinez-Kratz and Mary Beth Flynn Makic (Editor)
245    ^aAckley & Ladwig s Guide to Nursing Diagnosis
250    ^a7th ed
260    ^aSt. Louis, Missouri :^bElsevier,^c2023
300    ^a958 pages;^c19cm
650    ^aNursing Diagnosis -- methods -- Handbooks
945    ^p2360^l0^i010210
999    ^aประนอม เกษจรัล
รายการนี้ยังไม่มีแท็ก
คุณยังไม่ได้ล็อกอิน คุณสามารถมีกิจกรรมร่วมกับเว็บไซต์ได้ แต่ต้องล็อกอินก่อน ::
  ล็อกอิน

รายการสื่อสารสนเทศ

ลำดับที่ ประเภท เลขเรียก/บาร์โค้ด สถานที่ สถานะ
1. Book การพยาบาล
หนังสือสำรอง
สถานะ=หนังสือสำรอง
WY100.4 M337A ฉ.1 
  Barcode: 010210
ห้องสมุดวิทยาเขตสวรรค์ประชารักษ์
►หนังสือทั่วไป
บนชั้น

BibComment


ยังไม่เคยถูกคอมเมนท์

คอมเมนท์ทรัพยากรรายการนี้
  คอมเมนท์: Ackley Ladwig s..


 Copyright 2026. Bcnsprnw @Library